000 00442nam a2200181Ia 4500
003 OSt
005 20260428151643.0
008 250729s2010 xx 000 0 und d
040 _cAL
041 _akan
082 _a372.25 SHIU
100 _aDr.S.Shivayya
_9230955
245 _audayanmukha bharathadali shikshana
260 _aDavanagere
_bPooja Prakashana
_c2010
300 _a334p
650 _aEducation
_9230956
942 _2ddc
_cBED
999 _c239040
_d239040